| 000 | 00000nam##2200000za#4500 |
| 001 | 9.568274 |
| 003 | CaOODSP |
| 005 | 20240215150447 |
| 007 | cr ||||||||||| |
| 008 | 150406|1999||||xxc|||||o f|0| 0 eng|d |
| 040 | |aCaOODSP|beng |
| 043 | |an-cn--- |
| 086 | 1 |aPS83-3/81E-PDF |
| 110 | 2 |aCorrectional Service Canada. |
| 245 | 13|aAn investigation into the characteristics of substance-abusing women offenders : |h[electronic resource]|brisk, need and post-release outcome / |cby Craig Dowden and Kelley Blanchette. |
| 260 | |bCorrectional Service Canada |cApril 1999. |
| 300 | |a51p.|breferences, tables |
| 490 | 1 |aResearch report|v[R-81] |
| 590 | |a10-12-Supp|b2010-11-18 |
| 720 | 1 |aDowden, Craig |
| 720 | 1 |aBlanchette, Kelley |
| 775 | 08|tAnalyse des caractéristiques des délinquantes toxicomanes : |w(CaOODSP)9.599564 |
| 830 | #0|aResearch report (Correctional Service Canada. Research Branch)|v[R-81]|w(CaOODSP)9.506063 |
| 856 | 40|ahttp://publications.gc.ca|qPDF|s159 KB|uhttps://publications.gc.ca/collections/collection_2010/scc-csc/PS83-3-81-eng.pdf|y[R-81] |